LEADER 02619nam0 2200613 i 450 001 VAN0114650 005 20230726112255.199 017 70$2N$a978-3-319-42402-6 100 $a20180208d2016 |0itac50 ba 101 $aeng 102 $aCH 105 $a|||| ||||| 200 1 $aDynamical systems$eodelling $eód?, Poland, december 7?10, 2015 $fan Awrejcewicz editor. 205 $aCham] : Springer, 2016. 210 410 1$1001VAN0102574$12001 $aSpringer proceedings in mathematics & statistics$1210 $aBerlin [etc.]$cSpringer$v181 500 1$3VAN0242116$aDynamical systems: modelling$92070242 606 $a37-XX$xDynamical systems and ergodic theory [MSC 2020]$3VANC020363$2MF 606 $a70-XX$xMechanics of particles and systems [MSC 2020]$3VANC021390$2MF 606 $a82-XX$xStatistical mechanics, structure of matter [MSC 2020]$3VANC021931$2MF 606 $a74-XX$xMechanics of deformable solids [MSC 2020]$3VANC022466$2MF 610 $aAsymptotic methods$9KW:K 610 $aDSTA 2015$9KW:K 610 $aEngineering systems$9KW:K 610 $aExoskeleton$9KW:K 610 $aFinite-difference methods$9KW:K 610 $aHuman body model$9KW:K 610 $aLumped systems$9KW:K 610 $aMathematical approaches dynamical systems$9KW:K 610 $aMathematical modeling$9KW:K 610 $aMechatronics$9KW:K 610 $aMulti-body dynamic model$9KW:K 610 $aMulti-body system$9KW:K 610 $aNon-linear vibrations$9KW:K 610 $aNon-smooth Systems$9KW:K 610 $aNonlinear Dynamics$9KW:K 610 $aOptimization dynamical systems$9KW:K 610 $aOrdinary differential equations$9KW:K 610 $aSimulation dynamical systems$9KW:K 610 $aSine-Gordon Equation$9KW:K 610 $aSolitons$9KW:K 610 $aVibrations continuous systems$9KW:K 620 $aCH$dCham$3VANL001889 702 1$aAwrejcewicz$bJan$3VANV040847 712 12$aDynamical Systems - Theory and Applications Conference$d13.$f2015$e?ód?, Poland$3VANV088710 712 $aSpringer $3VANV108073$4650 801 $aIT$bSOL$c20240614$gRICA 856 4 $uhttp://dx.doi.org/10.1007/978-3-319-42402-6$zE-book ? Accesso al full-text attraverso riconoscimento IP di Ateneo, proxy e/o Shibboleth 899 $aBIBLIOTECA CENTRO DI SERVIZIO SBA$2VAN15 912 $fN 912 $aVAN0114650 950 $aBIBLIOTECA CENTRO DI SERVIZIO SBA$d15CONS SBA EBOOK 2211 $e15EB 2211 20180208 996 $aDynamical Systems: Modelling$92070242 997 $aUNICAMPANIA LEADER 01990nam0 22004573i 450 001 VAN0264334 005 20231215111735.842 017 70$2N$a9783540480884 100 $a20231003d1987 |0itac50 ba 101 $aeng 102 $aDE 105 $a|||| ||||| 200 1 $aSubstitution dynamical systems-spectral analysis$fMartine Queffélec 210 $aBerlin$cSpringer$d1987 215 $axiv, 240 p.$d24 cm 461 1$1001VAN0102250$12001 $aLecture notes in mathematics$1210 $aBerlin [etc.]$cSpringer$v1294 500 1$3VAN0234631$aSubstitution dynamical systems spectral analysis$980386 606 $a11-XX$xNumber theory [MSC 2020]$3VANC019688$2MF 606 $a28-XX$xMeasure and integration [MSC 2020]$3VANC019878$2MF 606 $a28Dxx$xMeasure-theoretic ergodic theory [MSC 2020]$3VANC021389$2MF 606 $a11K55$xMetric theory of other algorithms and expansions; measure and Hausdorff dimension [MSC 2020]$3VANC021810$2MF 610 $aBanach algebra$9KW:K 610 $aCalculus$9KW:K 610 $aDynamical systems$9KW:K 610 $aEigenvalues$9KW:K 610 $aErgodic theorem$9KW:K 610 $aMaximal spectral type$9KW:K 610 $aMaximum$9KW:K 610 $aSpectral multiplicity$9KW:K 610 $aSubstitution$9KW:K 620 $dBerlin$3VANL000066 700 1$aQueffélec$bMartine$3VANV065835$058504 712 $aSpringer $3VANV108073$4650 801 $aIT$bSOL$c20240614$gRICA 856 4 $uhttps://doi.org/10.1007/BFb0081890$zE-book ? Accesso al full-text attraverso riconoscimento IP di Ateneo, proxy e/o Shibboleth 899 $aBIBLIOTECA DEL DIPARTIMENTO DI MATEMATICA E FISICA$1IT-CE0120$2VAN08 912 $fN 912 $aVAN0264334 950 $aBIBLIOTECA DEL DIPARTIMENTO DI MATEMATICA E FISICA$d08CONS e-book 6925 $e08eMF6925 20231023 996 $aSubstitution dynamical systems - spectral analysis$980386 997 $aUNICAMPANIA LEADER 01998nam0 22004453i 450 001 VAN0275422 005 20240620030940.475 017 70$2N$a9789811624506 100 $a20240424d2021 |0itac50 ba 101 $aeng 102 $aSG 105 $a|||| ||||| 200 1 $aAnalysis of Infectious Disease Problems (Covid-19) and Their Global Impact$fPraveen Agarwal ... [et al.] editors 210 $aSingapore$cSpringer$d2021 215 $axxiv, 627 p.$cill.$d24 cm 410 1$1001VAN0108894$12001 $aInfosys Science Foundation Series$1210 $aCham [etc.]$cSpringer 410 1$1001VAN0125139$12001 $aInfosys Science Foundation Series in Mathematical Sciences. Subseries$1210 $aBerlin [etc.]$cSpringer 606 $a92-XX$xBiology and other natural sciences [MSC 2020]$3VANC020839$2MF 606 $a92D30$xEpidemiology [MSC 2020]$3VANC028389$2MF 610 $aAgent-based Models$9KW:K 610 $aCOVID-19$9KW:K 610 $aDynamical Models$9KW:K 610 $aEpidemic Modelling$9KW:K 610 $aMachine Learning Models$9KW:K 610 $aMathematical epidemiology$9KW:K 610 $aModel Prediction$9KW:K 610 $aPandemic Influenza$9KW:K 610 $aReproductive Number$9KW:K 610 $aStatistical models$9KW:K 620 $aSG$dSingapore$3VANL000061 702 1$aAgarwal$bPraveen$3VANV096569 712 $aSpringer $3VANV108073$4650 801 $aIT$bSOL$c20240621$gRICA 856 4 $uhttps://doi.org/10.1007/978-981-16-2450-6$zE-book ? Accesso al full-text attraverso riconoscimento IP di Ateneo, proxy e/o Shibboleth 899 $aBIBLIOTECA DEL DIPARTIMENTO DI MATEMATICA E FISICA$1IT-CE0120$2VAN08 912 $fN 912 $aVAN0275422 950 $aBIBLIOTECA DEL DIPARTIMENTO DI MATEMATICA E FISICA$d08CONS e-Book 8482 $e08eMF8482 20240503 996 $aAnalysis of infectious disease problems (Covid-19) and their global impact$92890500 997 $aUNICAMPANIA